| 000 | 00808nam a2200241 a 4500 | ||
|---|---|---|---|
| 008 | |||
| 020 | _a1853394610 (pbk.) | ||
| 049 | _aMAIN | ||
| 090 | 0 |
_aHN49.C6 _bHOP |
|
| 100 | 1 | _aHope, Anne. | |
| 245 | 1 | 0 |
_aTraining for transformation : _ba handbook for community workers, book 4 / _cAnne Hope and Sally Timmel ; illustrated by Chris Hodzi. |
| 260 |
_aLondon : _bITDG, _c1999. |
||
| 300 |
_aviii, 294 p. : _bill. ; _c30 cm. |
||
| 504 | _aIncludes bibliographical references. | ||
| 650 | 0 |
_aCommunity development _xHandbooks, manuals, etc. |
|
| 650 | 0 |
_aAdult education _zDeveloping countries. |
|
| 700 | _aTimmel, Sally. | ||
| 907 |
_a.b10298411 _b14-05-12 _c13-06-11 |
||
| 003 | |||
| 005 | 20230123125400.0 | ||
| 040 | _cNUST | ||
| 942 |
_cBOOKS _kHN49.C6 _mHOP |
||
| 999 |
_c140555 _d140555 |
||